Structures / (Record no. 10205)
[ view plain ]
| 000 -LEADER | |
|---|---|
| fixed length control field | 00661nam a22002177a 4500 |
| 003 - CONTROL NUMBER IDENTIFIER | |
| control field | SISC |
| 005 - DATE AND TIME OF LATEST TRANSACTION | |
| control field | 20160203153017.0 |
| 008 - FIXED-LENGTH DATA ELEMENTS--GENERAL INFORMATION | |
| fixed length control field | 130902t xxu||||| |||| 00| 0 eng d |
| 020 ## - INTERNATIONAL STANDARD BOOK NUMBER | |
| International Standard Book Number | 0745157159 |
| 050 ## - LIBRARY OF CONGRESS CALL NUMBER | |
| Classification number | TA 645 |
| Item number | .M478 1992 |
| 082 ## - DEWEY DECIMAL CLASSIFICATION NUMBER | |
| Classification number | HS 624 |
| Item number | C813 1992 |
| 100 ## - MAIN ENTRY--PERSONAL NAME | |
| Personal name | McCormick, Sharon |
| 9 (RLIN) | 16230 |
| 245 ## - TITLE STATEMENT | |
| Title | Structures / |
| Statement of responsibility, etc | Sharon Mc Cormick. |
| 260 ## - PUBLICATION, DISTRIBUTION, ETC. (IMPRINT) | |
| Place of publication, distribution, etc | Bath, Avon : |
| Name of publisher, distributor, etc | Cherrytree press Ltd, |
| Date of publication, distribution, etc | c1992. |
| 300 ## - PHYSICAL DESCRIPTION | |
| Extent | 48 p. : |
| Other physical details | ill. ; |
| Dimensions | 25 cm. |
| 651 ## - SUBJECT ADDED ENTRY--GEOGRAPHIC NAME | |
| Geographic name | Structures |
| General subdivision | --Juvenile literature |
| 9 (RLIN) | 16231 |
| 651 ## - SUBJECT ADDED ENTRY--GEOGRAPHIC NAME | |
| Geographic name | Bridges |
| General subdivision | --Structure- |
| -- | -Juvenile literature |
| 9 (RLIN) | 16232 |
| 651 ## - SUBJECT ADDED ENTRY--GEOGRAPHIC NAME | |
| Geographic name | House Structure |
| 9 (RLIN) | 16233 |
| 942 ## - ADDED ENTRY ELEMENTS (KOHA) | |
| Source of classification or shelving scheme | Library of Congress Classification |
| Koha item type | Books |
| Withdrawn status | Lost status | Source of classification or shelving scheme | Damaged status | Home library | Current library | Shelving location | Date acquired | Total Checkouts | Full call number | Barcode | Date last seen | Copy number | Price effective from | Koha item type |
|---|---|---|---|---|---|---|---|---|---|---|---|---|---|---|
| Library of Congress Classification | Luxembourg Library | Luxembourg Library | High School Section | 09/02/2013 | TA 645 .M478 1992 | 8597 | 09/02/2013 | 1 | 09/02/2013 | Books |